Culture Générale - Clic Quiz - La réponse est une capitale - Statistiques

Statistiques générales
  • Ce quiz a été pris 199 fois
  • Le résultat moyen est 15 sur 30
Statistiques - réponses
Hint Réponse % Correct
Cité-Etat de 0,44 km2 Vatican
90%
Maintenu à mi-hauteur de son mât dans des circonstances particulières, deuil national, hommage, ou tragédie, à la suite de la décision d'un État : "Drapeau en _________" Berne
82%
Azarenka, Beckham ou Abril Victoria
82%
Chanson écrite, composée et interprétée en 1964 par Jacques Brel Amsterdam
81%
Compléte le nom du lieu où siège le Sénat français : le Palais .. _________ Luxembourg
78%
Compléte le nom de la 22e et dernière fable du livre I de Jean de La Fontaine : Le Chêne et .. _________ Roseau
78%
Express dans le nom de l'émission TV néerlando-flamande, adaptée et diffusée dans plusieurs pays depuis 2004 Pékin
74%
Vergara, Coppola ou Essaïdi Sofia
74%
Temple du Football, Antre du Real Madrid : le Stade __________ Bernabéu Santiago
73%
Nom du Général et homme politique anglais connu pour sa victoire à Waterloo : le Duc .. __________ Wellington
67%
Spin off de la série TV la casa de papel Berlin
64%
Equipe cycliste professionnelle créé en 2007 sous licence World Tour Astana
59%
Traité international juridiquement contraignant sur les changements climatiques. Il a été adopté par 196 Parties lors de la COP 21 en 2016 : "l'accord .. ___________" Paris
58%
Capitale des Palaos depuis 2006 Melekeok (Ngerulmud)
54%
Capitale politique du Burundi depuis 2018 (Bujumbura étant la capitale économique) Gitega
53%
Ville Hôte des Jeux Olympiques d'été en 1988 Séoul
50%
Capitale constitutionnelle du pays où c'est la ville de Cotonou qui est le siège du gouvernement et des ambassades Porto-Novo
43%
Désigné comme capitale de facto de Nauru, car c'est le seul des 14 districts qui abrite le Cabinet et le Parlement Yaren
38%
Bracelet en alliage de cuivre forgé en Afrique de l'Ouest, et servant de monnaie. C'est aussi le nom d'un jeu de cartes Manille
33%
Ville de Naissance de Ségolène Royal (en 1953) Dakar
32%
Etoffe de soie, monochrome, avec une armure satin, caractérisée par un contraste de brillance entre le fond et le dessin formé par le tissage Damas
31%
Capitale administrative du pays où c'est la ville de Cetinje qui est le siège du président Pogdorica
31%
Famille de la haute noblesse française : La Maison .. __________. On y retrouve notamment l'épouse du 3e président de la République française, Patrice de Mac-Mahon Castries
27%
Type de col du XVIIe siècle et d'ecclésiastiques chrétiens notamment. Il est encore aujourd'hui utilisé dans certains pays par les avocats et les magistrats Rabat
24%
A accueilli déjà 6 fois le concours de l'Eurovision (en 1971, 1981, 1988, 1994, 1995 et 1997), ce qui est un record pour une ville Dublin
20%
Compléte le nom du groupement de savants et de philosophes formé en 1923 autour de Schlick, en vue de développer une nouvelle philosophie de la science dans un esprit de rigueur, et en excluant toute considération métaphysique : Cercle de __________ Vienne
18%
Batailles de la guerre de la Quadruple-Alliance en 1720 et de la guerre d'indépendance des États-Unis en 1776 Nassau
17%
Quatrième album studio de Jean-Louis Aubert paru fin avril 1997. C'est l'album le plus expérimental de sa discographie Stockholm
17%
Compléte le nom de ce film sorti en 2011 et présenté au Festival de Cannes : "_______, 31 août" Oslo
16%
Nom d'une chanson de Damien Saez et aussi du groupe de "hard rock" Trust Varsovie
14%
Aucun quiz correspondant
Distribution des résultats
% des personnes avec chaque résultat
Percentile par nombre de réponses
Votre historique - résultats
Vous n’avez pas pris ce quiz